000
00364nam a2200169Ia 4500
100
_a
Balasubramaniam/M
650
_a
IT
942
_c
BK
366
_f
20
654
_a
IT interview
245
_a
Cracking IT interview
260
_b
Tata Mc Graw hill Ltd.
_a
New Delhi
_c
2006
082
_a
003.54/BAL
_b
BAL
300
_a
373
546
_a
ENGLISH
999
_c
29504
_d
29504